Ekonomický monitor stavu hospodárstva Slovenskej republiky

Enregistré dans:
Détails bibliographiques
Format: Publication en série
Langue:slovaque
Publié: Bratislava Štatistický úrad Slovenskej republiky 2001
Sujets:
Tags: Ajouter un tag
Pas de tags, Soyez le premier à ajouter un tag!

MARC

LEADER 00000nas2a2200000 4500
001 0006631
005 20160720111957.2
041 0 |a slo 
044 |a SK 
245 1 0 |a Ekonomický monitor stavu hospodárstva Slovenskej republiky 
264 1 |a Bratislava  |b Štatistický úrad Slovenskej republiky  |c 2001 
300 |a 1 zv. 
773 0 |w eu_un_cat*s122020 
610 2 0 |a štatistika republiková 
610 2 0 |a hospodárstvo národné 
610 2 0 |a ukazovatele štatistické